Statistics for NFL - 2024 Seahawks Roster

Click here to take the quiz!

General Stats

  • This quiz has been taken 200 times
  • The average score is 15 of 23

Answer Stats

HintAnswer% Correct
QBGeno Smith
100%
WRD.K. Metcalf
97%
RBKenneth Walker III
96%
WRTyler Lockett
95%
TENoah Fant
88%
WRJaxon Smith-Njigba
86%
MLBBobby Wagner
84%
CBDevon Witherspoon
83%
CBTariq Woolen
79%
FSQuandre Diggs
71%
LTCharles Cross
69%
MLBJordyn Brooks
65%
SSJulian Love
58%
RTAbraham Lucas
51%
LBBoye Mafe
46%
DELeonard Williams
45%
FBNick Bellore
45%
DTJarran Reed
38%
LGDamien Lewis
37%
DEDre'Mont Jones
35%
CEvan Brown
34%
LBDarrell Taylor
30%
RGAnthony Bradford
22%

Score Distribution

Percentile by Number Answered

Percent of People with Each Score

Your Score History

You have not taken this quiz